Madmaxismo /

Gespeichert in:
Bibliographische Detailangaben
1. Verfasser: López Lage, Fernando (autor)
Format: Buch
Sprache:Spanisch
Veröffentlicht: Montevideo, Uruguay : Estuario, 2021, c2021
Schriftenreihe:(Estuario Ensayo)
Schlagworte:
Tags: Tag hinzufügen
Keine Tags, Fügen Sie das erste Tag hinzu!

MARC

LEADER 00000nam^a2200000^a^4500
001 000579353
005 20250521000000.0
009 20260310132528.18
020 |a 978-9915-653-93-8 
037 |a Acervo ITESO - Biblioteca 
041 |a ESP 
082 |a 709. 051  |b LOP 
100 |a López Lage, Fernando  |e (autor) 
245 1 0 |a Madmaxismo /  |c F. López Lage ; pról. de Mariela Yeregui. 
264 4 |a Montevideo, Uruguay :  |b Estuario,  |c 2021, c2021 
300 |a 155 p. 
336 |a texto  |b txt  |2 rdacontenido 
337 |a sin mediación  |b n  |2 rdamedio 
338 |a volumen  |b nc  |2 rdasoporte 
440 1 |a (Estuario Ensayo) 
521 |a FIL 2023 DIA 
649 |a XX 
650 |a Críticos Uruguayos 
650 |a Colectivos Artísticos -  |z EUA -  |x Historia y Crítica 
650 |a Artistas Eslovenos 
650 |a Artistas Uruguayos 
650 |a Mujeres en el Arte -  |z Eslovenia -  |x Historia y Crítica 
650 |a Mujeres en el Arte -  |z Uruguay -  |x Historia y Crítica 
650 |a Mujeres Eslovenas 
650 |a Mujeres Uruguayas 
650 |a Pintura Moderna -  |z Uruguay -  |x Historia y Crítica 
650 |a Pintura (Tendencias Recientes) -  |z Uruguay -  |x Historia y Crítica 
650 |a Instalaciones (Arte) -  |z Uruguay -  |x Historia y Crítica 
650 |a Performances y Happenings -  |z Brasil -  |x Historia y Crítica 
650 |a Performances y Happenings -  |z Eslovenia -  |x Historia y Crítica 
650 |a Performances y Happenings -  |z EUA -  |x Historia y Crítica 
650 |a Performances y Happenings -  |z Inglaterra -  |x Historia y Crítica 
650 |a Performances y Happenings -  |z Uruguay -  |x Historia y Crítica 
650 |a Arte Moderno -  |z Uruguay -  |x Historia y Crítica 
650 |a Arte (Tendencias Recientes) -  |z Uruguay -  |x Historia y Crítica 
650 |a Arte (Tendencias Recientes) -  |x Historia y Crítica -  |x Tema Principal 
650 |a Arte Afroamericano -  |z Uruguay -  |x Historia y Crítica 
650 |a Arte Uruguayo -  |x Historia y Crítica 
650 |a Arte Uruguayo -  |y Siglo XXI 
650 |a Arte Brasileño -  |y Siglo XX 
650 |a Arte Esloveno -  |y Siglo XXI 
650 |a Arte Inglés -  |y Siglo XXI 
650 |a Arte Norteamericano -  |y Siglo XXI 
650 |a Arte -  |z Uruguay -  |x Historia y Crítica -  |x Tema Principal 
650 |a Arte -  |y Siglo XXI 
650 |a Arte (Tendencias Recientes) -  |y Siglo XXI 
650 |a Barea, Carlos,  |d 1954- 
650 |a Bridle, James 
650 |a Critical Art Ensemble 
650 |a Cruz, Alejandro 
650 |a Kac, Eduardo 
650 |a López Lage, Fernando 
650 |a Petrič, Spela 
650 |a Porro, Sergio 
650 |a Sáez, Sebastián 
650 |a Silva, Mayra da 
910 |a Fondo General 
920 |a Impresos - Libros 
930 |a Colección General 
905 |a 101 
901 |a 0500405868  |b IT1  |c ACC  |i C185019  |u 20250521 
902 |a https://opac.biblio.iteso.mx/vufind/Record/000579353